| 000 | 01620nam a2200457 i 4500 | ||
|---|---|---|---|
| 001 | 6568 | ||
| 003 | KOSZ 005 | ||
| 005 | 20191009100359.0 | ||
| 008 | 970629s1992 pl a f f |001 0 pol | ||
| 015 | _aPB 1993/4974 | ||
| 020 | _a8390085305 | ||
| 035 | _a991000768859705066 | ||
| 035 | _a(PL-WaBN)b10244323-48omnis_nlop | ||
| 035 | _ab10244323 | ||
| 035 | _a(OCoLC)834048079 | ||
| 035 | _a(PL)b0000001024432 | ||
| 035 | _a(EXLNZ-48OMNIS_NETWORK)9910187479005606 | ||
| 040 |
_aWA N _cWA N _dKOSZ 005/EG |
||
| 041 | _apol | ||
| 046 | _k1992 | ||
| 080 | _a62-192 | ||
| 245 | 1 | 0 |
_aPoradnik niezawodności : _b[praca zbiorowa. _n2, _pInżynieria niezawodności : poradnik / _cpod. red. Janusza Migdalskiego] ; aut. Włodzimierz Belof [et al.]. |
| 260 |
_aWarszawa ; Bydgoszcz ; Warszawa : _b"Wema" : ATR - [Akademia Techniczno-Rolnicza ] : "Zetom", _c[1992]. |
||
| 300 |
_a793 s. : _brys., wykr., err. ; _c25 cm. |
||
| 336 |
_2rdacontent _aTekst _btxt |
||
| 337 |
_2rdamedia _aBez urządzenia pośredniczącego _bn |
||
| 338 |
_2rdacarrier _aWolumin _bnc |
||
| 380 | _aKsiążki | ||
| 380 | _aPublikacje fachowe | ||
| 388 | _a1901-2000 | ||
| 388 | _a1989-2000 | ||
| 500 | _aNa książce brak tyt. całości. | ||
| 504 | _aBibliogr. s. 726-767 oraz przy rozdz. - Indeksy. | ||
| 650 | 7 |
_aNiezawodność urządzeń _2DBN |
|
| 655 | 7 |
_aPoradniki _2DBN |
|
| 658 | _aInżynieria i technika | ||
| 700 | 1 |
_aBelof, Włodzimierz _eAutor |
|
| 856 |
_uhttp://koha.tu.koszalin.pl/cgi-bin/koha/opac-detail.pl?biblionumber=6568 _yKatalog online BPK |
||
| 942 |
_2UKD _cKS |
||
| 999 |
_c6568 _d6568 |
||